[Event "European Blitz 2016"]
[Site "Tallinn EST"]
[Date "2016.12.18"]
[Round "21.6"]
[White "Ponomariov, Ruslan"]
[Black "Wojtaszek, Radoslaw"]
[Result "1/2-1/2"]
[WhiteTitle "GM"]
[BlackTitle "GM"]
[WhiteElo "2709"]
[BlackElo "2749"]
[WhiteFideId "14103320"]
[BlackFideId "1118358"]
[EventDate "2016.12.17"]

1. e4 c6 2. d4 d5 3. Nc3 dxe4 4. Nxe4 Nd7 5. Nf3 Ngf6 6. Ng3 e6 7. Bd3 Be7 8.
O-O O-O 9. b3 b6 10. Bb2 Bb7 11. Qe2 c5 12. Rad1 Qc7 13. c4 Rfe8 14. Rfe1 a6 15.
Bb1 cxd4 16. Nxd4 Bb4 17. Rf1 Nf8 18. Nh5 Nxh5 19. Qxh5 Ng6 20. Nf3 Qc6 21. a3
Be7 22. Rfe1 Rad8 23. Qg4 Rxd1 24. Rxd1 f5 25. Qg3 Rd8 26. Rxd8+ Bxd8 27. Ne5
Qd6 28. Qd3 Qxd3 29. Bxd3 Nf4 30. Bf1 Bc7 31. g3 Ng6 32. Nxg6 hxg6 33. f4 a5 34.
Bg2 Bxg2 35. Kxg2 Bd6 36. Kf3 Kf7 37. Bd4 Bc5 38. Ke3 g5 39. fxg5 e5 40. Bxc5
bxc5 41. g4 Ke6 42. h3 g6 43. Kf3 Kd6 44. gxf5 gxf5 45. h4 Ke6 46. h5 Kf7 47.
Ke3 Kg7 48. Ke2 Kf7 49. Kd3 Kg7 50. Kc3 f4 51. Kd3 f3 52. Ke3 e4 53. Kf2 Kf7 54.
Ke3 Kg7 55. Kf2 Kf7 1/2-1/2

[Event "European Blitz 2016"]
[Site "Tallinn EST"]
[Date "2016.12.18"]
[Round "21.7"]
[White "Zhigalko, Sergei"]
[Black "Andriasian, Zaven"]
[Result "1-0"]
[WhiteTitle "GM"]
[BlackTitle "GM"]
[WhiteElo "2671"]
[BlackElo "2621"]
[WhiteFideId "13502956"]
[BlackFideId "13302000"]
[EventDate "2016.12.17"]

1. e4 d6 2. d4 g6 3. Nc3 Bg7 4. Be3 Nf6 5. Nf3 c6 6. a4 O-O 7. h3 Nbd7 8. a5 e5
9. dxe5 dxe5 10. Qd6 Re8 11. Bc4 Bf8 12. Qd3 h6 13. O-O Qe7 14. Na4 Nh5 15. Rfd1
Nf4 16. Bxf4 exf4 17. e5 Kh7 18. Qb3 Nxe5 19. Nxe5 Qxe5 20. Bxf7 Re7 21. Re1 Qf6
22. Rxe7 Bxe7 23. Re1 Rb8 24. Be6 Bxe6 25. Rxe6 Qf7 26. Nc3 f3 27. Re3 Qg7 28.
Rxf3 Rf8 29. Qxb7 Rxf3 30. gxf3 Qe5 31. Ne4 h5 32. Qxa7 Kh6 33. Qe3+ g5 34. Ng3
Qxe3 35. fxe3 Bc5 36. Kf2 Kg6 37. c3 Ba7 38. b4 Kf7 39. Nxh5 Ke6 40. Ke2 Kd5 41.
Kd3 Bb8 42. c4+ Ke6 43. Ke4 Bc7 44. a6 Bb8 45. b5 cxb5 46. cxb5 Ba7 47. Ng3 Bb6
48. Nf5 1-0

[Event "European Blitz 2016"]
[Site "Tallinn EST"]
[Date "2016.12.18"]
[Round "21.8"]
[White "Riazantsev, Alexander"]
[Black "Plat, Vojtech"]
[Result "1-0"]
[WhiteTitle "GM"]
[BlackTitle "IM"]
[WhiteElo "2671"]
[BlackElo "2532"]
[WhiteFideId "4125029"]
[BlackFideId "325740"]
[EventDate "2016.12.17"]

1. d4 d6 2. Nf3 Bg4 3. e4 Nd7 4. h3 Bh5 5. Nc3 c6 6. Qe2 e5 7. g4 Bg6 8. Bg2 Be7
9. h4 h6 10. Bd2 Ngf6 11. Bh3 Qb6 12. dxe5 dxe5 13. O-O-O h5 14. g5 Ng4 15. Rhf1
O-O-O 16. Ne1 Nh2 17. Rh1 Ng4 18. Nd3 f5 19. f3 fxe4 20. Nxe4 Bxe4 21. Qxe4 Nf2
22. Nxf2 Qxf2 23. Be3 Qe2 24. Rd2 Qa6 25. Rhd1 Qxa2 26. c3 Kb8 27. Rxd7 Rxd7 28.
Rxd7 Ba3 29. bxa3 Qa1+ 30. Kd2 1-0

[Event "European Blitz 2016"]
[Site "Tallinn EST"]
[Date "2016.12.18"]
[Round "21.9"]
[White "Bartel, Mateusz"]
[Black "Anton Guijarro, David"]
[Result "1/2-1/2"]
[WhiteTitle "GM"]
[BlackTitle "GM"]
[WhiteElo "2641"]
[BlackElo "2650"]
[WhiteFideId "1112635"]
[BlackFideId "2285525"]
[EventDate "2016.12.17"]

1. d4 Nf6 2. Nf3 e6 3. Bf4 b6 4. e3 Bb7 5. h3 Bd6 6. Bxd6 cxd6 7. Nbd2 d5 8. a4
Nc6 9. c3 O-O 10. Bd3 d6 11. O-O e5 12. Bb5 Qe7 13. Re1 a6 14. Bf1 e4 15. Nh2 h5
16. c4 a5 17. cxd5 Nb4 18. Nc4 Nbxd5 19. Na3 g6 20. Bc4 Nb4 21. Nf1 Bc8 22. Nc2
d5 23. Nxb4 axb4 24. Bb5 Kg7 25. Qb3 Be6 26. Rac1 g5 27. Qc2 Rfc8 28. Qe2 h4 29.
Nh2 Bf5 30. Ba6 Rxc1 31. Rxc1 Qe6 32. Bb5 Rc8 33. Rxc8 Qxc8 34. Qd2 g4 35. hxg4
Nxg4 36. Qxb4 Qc1+ 37. Nf1 Qc2 38. Qd2 Qb3 39. f3 Nf6 40. Qf2 exf3 41. gxf3 h3
42. Ng3 Bg6 43. Kh2 Nh7 44. Kxh3 Ng5+ 45. Kg2 Qd1 46. Qe2 Qc1 47. Bd7 Kf6 48. b4
Qa1 49. Qd2 Ke7 50. Bb5 Qb1 51. Be2 Qa1 52. a5 bxa5 53. bxa5 Kf6 54. a6 Bf5 55.
Bf1 Bh3+ 56. Kf2 Bxf1 57. Nxf1 Qxa6 58. Qc2 Qe6 59. Ng3 Qh3 60. Qc7 Qh2+ 61. Kf1
Qh3+ 62. Kf2 Qh2+ 63. Kf1 Qh3+ 64. Ke2 Qg2+ 65. Kd3 Qxf3 66. Qf4+ 1/2-1/2

[Event "European Blitz 2016"]
[Site "Tallinn EST"]
[Date "2016.12.18"]
[Round "21.10"]
[White "Dzhumagaliev, Yan"]
[Black "Onischuk, Vladimir"]
[Result "1-0"]
[WhiteTitle "FM"]
[BlackTitle "GM"]
[WhiteElo "2400"]
[BlackElo "2601"]
[WhiteFideId "24100110"]
[BlackFideId "14114038"]
[EventDate "2016.12.17"]

1. Nf3 g6 2. g3 Bg7 3. Bg2 Nf6 4. O-O O-O 5. c4 d6 6. Nc3 e5 7. d3 Nc6 8. Rb1 a5
9. a3 Re8 10. Nd2 Be6 11. b4 axb4 12. axb4 d5 13. b5 Ne7 14. Qc2 c6 15. Rd1 h6
16. e4 d4 17. Ne2 Nd7 18. bxc6 bxc6 19. Nb3 Qc7 20. Bd2 f5 21. Ra1 g5 22. Ba5
Qd6 23. c5 Qb8 24. Rdb1 Qc8 25. exf5 Bxf5 26. Nd2 Nf6 27. Nc4 Qa6 28. Nd6 Bxd3
29. Qa2+ Kh8 30. Nxe8 Rxe8 31. Nc1 Bc4 32. Qc2 d3 33. Qd2 e4 34. Bc3 Qc8 35. Rb4
Bd5 36. Nb3 Nf5 37. Nd4 Nxd4 38. Bxd4 Qd7 39. Rab1 Qe6 40. Rb7 Re7 41. Qc3 Kh7
42. h3 Nh5 43. Bxg7 Nxg7 44. Rxe7 Qxe7 45. Re1 Nf5 46. Qb4 Kg7 47. Bxe4 Bxe4 48.
Rxe4 Qf6 49. Qb7+ Kg6 50. Qd7 Qa1+ 51. Kg2 Qb1 52. Re6+ Kh5 53. Qf7# 1-0

[Event "European Blitz 2016"]
[Site "Tallinn EST"]
[Date "2016.12.18"]
[Round "21.11"]
[White "Grigoriants, Sergey"]
[Black "Matlakov, Maxim"]
[Result "0-1"]
[WhiteTitle "GM"]
[BlackTitle "GM"]
[WhiteElo "2563"]
[BlackElo "2694"]
[WhiteFideId "4130804"]
[BlackFideId "4168003"]
[EventDate "2016.12.17"]

1. c4 Nf6 2. Nc3 e6 3. Nf3 d5 4. e3 c5 5. d4 a6 6. cxd5 exd5 7. Be2 Nc6 8. O-O
cxd4 9. Nxd4 Bd6 10. Nf3 O-O 11. b3 Be6 12. Bb2 Qe7 13. Qd3 Rfd8 14. Rac1 Ne5
15. Qd4 Nfg4 16. g3 Nc6 17. Qd1 Nf6 18. Re1 Rac8 19. Qd3 h6 20. Bf1 Nb4 21. Qb1
Nc6 22. Bg2 Qd7 23. Ne2 Ne4 24. Nf4 Bxf4 25. exf4 Bh3 26. Bh1 Bf5 27. Qa1 f6 28.
Nd4 Bg6 29. Red1 Nb4 30. a3 Rxc1 31. Qxc1 Rc8 32. Qe3 Nc6 33. Nxc6 Qxc6 34. Qd4
Bf7 35. Bf3 Qb5 36. b4 Rc2 37. Bxe4 dxe4 38. Qd8+ Kh7 39. Bd4 Qf5 40. Be3 Bh5
41. Re1 Bf3 0-1

[Event "European Blitz 2016"]
[Site "Tallinn EST"]
[Date "2016.12.18"]
[Round "21.12"]
[White "Jovanovic, Zoran"]
[Black "Munoz, Miguel"]
[Result "1/2-1/2"]
[WhiteTitle "GM"]
[BlackTitle "GM"]
[WhiteElo "2534"]
[BlackElo "2473"]
[WhiteFideId "14505320"]
[BlackFideId "3800229"]
[EventDate "2016.12.17"]

1. e4 d5 2. exd5 Qxd5 3. Nf3 Bg4 4. Be2 Nc6 5. h3 Bxf3 6. Bxf3 Qe6+ 7. Qe2 Qxe2+
8. Bxe2 O-O-O 9. c3 e5 10. d3 f5 11. f4 Bd6 12. fxe5 Bxe5 13. O-O g6 14. d4 Bf6
15. Nd2 Nge7 16. Nc4 Nd5 17. Bf3 Rhe8 18. a4 Nb6 19. Bxc6 bxc6 20. Na5 Re6 21.
Bf4 Rde8 22. Bd2 Be7 23. Rfe1 Rxe1+ 24. Rxe1 Kd7 25. b3 c5 26. dxc5 Bxc5+ 27.
Kf1 Rf8 28. Rd1 Kc8 29. Bh6 Re8 30. Bg5 a6 31. Rd3 Nd7 32. Nc6 Ne5 33. Nxe5 Rxe5
34. Rd8+ Kb7 35. Rd7 f4 36. h4 Rf5 37. Rxh7 f3 38. b4 Bd6 39. gxf3 Rxf3+ 40. Ke2
Rxc3 41. b5 a5 42. Rg7 Rc4 43. Rxg6 Rxa4 44. h5 Ra2+ 45. Kd3 Rh2 46. h6 a4 47.
Bf6 a3 48. Bc3 a2 49. Kc4 Rh4+ 50. Kd5 Rh5+ 51. Ke6 Rh3 52. Bg7 Kb6 53. Kf7 Kxb5
54. Kg8 Re3 55. Rg2 Re8+ 56. Kh7 Ra8 57. Ba1 c5 58. Kg6 Kc4 59. h7 Kb3 60. h8=Q
Rxh8 61. Bxh8 c4 62. Kf5 Bb4 63. Ba1 c3 64. Bxc3 Bxc3 65. Rxa2 Kxa2 66. Ke4 1/2-1/2

[Event "European Blitz 2016"]
[Site "Tallinn EST"]
[Date "2016.12.18"]
[Round "21.13"]
[White "Sychev, Klementy"]
[Black "Cvitan, Ognjen"]
[Result "1-0"]
[WhiteTitle "IM"]
[BlackTitle "GM"]
[WhiteElo "2453"]
[BlackElo "2491"]
[WhiteFideId "4114060"]
[BlackFideId "14500086"]
[EventDate "2016.12.17"]

1. d4 Nf6 2. Nf3 e6 3. c4 c5 4. d5 d6 5. Nc3 exd5 6. cxd5 g6 7. Bf4 Bg7 8. Qa4+
Bd7 9. Qb3 Qc7 10. e4 O-O 11. Nd2 Nh5 12. Be3 f5 13. exf5 Bxf5 14. Be2 Nf6 15.
h3 Na6 16. O-O Rab8 17. Nc4 Ne4 18. Nb5 Qd7 19. g4 Nb4 20. gxf5 a6 21. Nc3 gxf5
22. Nxe4 fxe4 23. Bg4 Qe7 24. a3 Nd3 25. Qb6 Rbd8 26. Kh1 Kh8 27. Rad1 Rf6 28.
Bg5 h6 29. Bxf6 Qxf6 30. Qc7 Qh4 31. Nxd6 Rf8 32. Nf7+ Kg8 33. Be6 Nxf2+ 34.
Rxf2 Qxf2 35. Rg1 Qf3+ 36. Kh2 Kh7 37. Rxg7+ Kxg7 38. Ng5+ Rf7 39. Qxf7+ Qxf7
40. Nxf7 e3 41. Kg3 1-0

[Event "European Blitz 2016"]
[Site "Tallinn EST"]
[Date "2016.12.18"]
[Round "21.14"]
[White "Naiditsch, Arkadij"]
[Black "Halkias, Stelios"]
[Result "1-0"]
[WhiteTitle "GM"]
[BlackTitle "GM"]
[WhiteElo "2687"]
[BlackElo "2585"]
[WhiteFideId "4650891"]
[BlackFideId "4201809"]
[EventDate "2016.12.17"]

1. e4 e5 2. Nf3 Nc6 3. Nc3 Nf6 4. Bb5 Bb4 5. O-O O-O 6. d3 Bxc3 7. bxc3 d6 8.
Bg5 Qe7 9. Re1 Nd8 10. d4 Ne6 11. Bc1 c5 12. d5 Nc7 13. Bf1 Nfe8 14. c4 f5 15.
Rb1 f4 16. Nd2 g5 17. Be2 Nf6 18. h3 Qf7 19. Bg4 Nxg4 20. hxg4 Ne8 21. Rb3 Nf6
22. f3 h5 23. gxh5 Qxh5 24. Kf2 Qh4+ 25. Ke2 Nh5 26. Kd3 Qf2 27. c3 Ng3 28. Kc2
Qxg2 29. Kb1 Rf7 30. Rb2 Rh7 31. Rg1 Qh2 32. Nb3 Qh4 33. Na5 g4 34. Rbg2 Kh8 35.
Rxg3 fxg3 36. f4 Qh2 37. f5 Bd7 38. Qe1 Qf2 39. Bd2 Qf3 40. Kc2 g2 41. Bg5 Rh1
42. Be7 Rxg1 43. Qxg1 g3 44. Kb3 Qf2 45. Qc1 Kh7 46. Qg5 Ba4+ 47. Ka3 Rg8 48.
Qh5+ Kg7 49. Qg6+ Kh8 50. Qh6# 1-0

[Event "European Blitz 2016"]
[Site "Tallinn EST"]
[Date "2016.12.18"]
[Round "21.15"]
[White "Kobalia, Mikhail"]
[Black "Rakhmanov, Aleksandr"]
[Result "0-1"]
[WhiteTitle "GM"]
[BlackTitle "GM"]
[WhiteElo "2628"]
[BlackElo "2667"]
[WhiteFideId "4119150"]
[BlackFideId "4173708"]
[EventDate "2016.12.17"]

1. e4 c5 2. Nf3 Nf6 3. d3 Nc6 4. Nbd2 d5 5. g3 e6 6. Bg2 Be7 7. O-O h6 8. Re1
Rb8 9. e5 Nd7 10. Nf1 b5 11. h4 b4 12. N1h2 a5 13. Bf4 Ba6 14. h5 Qb6 15. Ng4 a4
16. a3 b3 17. c3 Qa7 18. Ne3 Nb6 19. Qd2 Qd7 20. Ng4 Kd8 21. Qc1 Kc8 22. d4 cxd4
23. Nxd4 Nxd4 24. cxd4+ Kb7 25. Ne3 Rbc8 26. Qd1 Nc4 27. Nxc4 Rxc4 28. Qg4 Rg8
29. Bxh6 Bf8 30. Bd2 Rc2 31. Bc3 Bd3 32. Bf3 Qc7 33. Qf4 g6 34. hxg6 Bxg6 35.
Bd1 Rxc3 36. bxc3 Qxc3 37. Bf3 b2 38. Rab1 Bxa3 39. Kg2 Bb4 40. Rh1 a3 41. Bh5
Be4+ 42. f3 Qc2+ 43. Kh3 Bf5+ 44. g4 a2 45. Rxb2 Qxb2 46. gxf5 Qg2+ 47. Kh4 0-1

[Event "European Blitz 2016"]
[Site "Tallinn EST"]
[Date "2016.12.18"]
[Round "21.16"]
[White "Pavlidis, Antonios"]
[Black "Zubritskiy, Artyom"]
[Result "0-1"]
[WhiteTitle "GM"]
[BlackTitle "IM"]
[WhiteElo "2532"]
[BlackElo "2442"]
[WhiteFideId "4212312"]
[BlackFideId "4181247"]
[EventDate "2016.12.17"]

1. e4 c5 2. Nf3 d6 3. Bb5+ Bd7 4. Bxd7+ Qxd7 5. c4 Nc6 6. Nc3 Nf6 7. d4 cxd4 8.
Nxd4 g6 9. f3 Bg7 10. Be3 O-O 11. O-O Rac8 12. b3 Rfd8 13. Rc1 e6 14. Qd2 a6 15.
Rfd1 Nxd4 16. Bxd4 Qe7 17. Bb6 Rd7 18. a4 Ne8 19. a5 Nf6 20. Bd4 Rc6 21. Re1 Qd8
22. Na4 Re7 23. Bb6 Qc8 24. Rcd1 Nd7 25. Be3 Qc7 26. Nb6 Nxb6 27. axb6 Qc8 28.
Qf2 Qe8 29. Qg3 Rd7 30. Rd3 Be5 31. Qf2 Qd8 32. Red1 Bf6 33. Bf4 Be7 34. Be3 Bg5
35. f4 Be7 36. Qd2 Qc8 37. Rf1 Bd8 38. f5 exf5 39. exf5 Bxb6 40. Bxb6 Rxb6 41.
Kh1 Qc5 42. Rd5 Qb4 43. Qe3 Rd8 44. fxg6 hxg6 45. Rg5 Qxb3 46. Qf4 Rd7 47. h4 d5
48. c5 Rb4 49. Qb8+ Kh7 50. Rf4 Qd1+ 51. Kh2 Rxf4 52. Qxf4 Qd3 53. h5 Qe4 54.
Qg3 Re7 55. hxg6+ fxg6 56. Qh3+ Kg7 57. Rg4 Qe5+ 0-1

[Event "European Blitz 2016"]
[Site "Tallinn EST"]
[Date "2016.12.18"]
[Round "21.17"]
[White "Marin, Mihail"]
[Black "Navara, David"]
[Result "0-1"]
[WhiteTitle "GM"]
[BlackTitle "GM"]
[WhiteElo "2539"]
[BlackElo "2725"]
[WhiteFideId "1200020"]
[BlackFideId "309095"]
[EventDate "2016.12.17"]

1. Nf3 d5 2. c4 d4 3. b4 g5 4. d3 h6 5. g3 Bg7 6. Bg2 e5 7. a4 Ne7 8. O-O Ng6 9.
Ra2 O-O 10. e3 dxe3 11. fxe3 e4 12. dxe4 Qxd1 13. Rxd1 Nc6 14. Ba3 Nce5 15. Nbd2
Rd8 16. b5 Nxc4 17. Re1 Nxa3 18. Rxa3 g4 19. Nd4 Bxd4 20. exd4 Rxd4 21. Nf1 Be6
22. Ne3 Rad8 23. a5 Ne5 24. a6 b6 25. Nd5 Kg7 26. Rc3 Rc4 27. Rxc4 Nxc4 28. Nxc7
Rd2 29. Nd5 Bd7 30. Rb1 Na3 31. Rc1 Bxb5 32. e5 Nc2 33. Be4 Nd4 34. Nc7 Ne2+ 35.
Kh1 Nxc1 36. Nxb5 Ra2 37. Bb7 Nd3 38. Nxa7 Nxe5 39. Nb5 Nf3 0-1

[Event "European Blitz 2016"]
[Site "Tallinn EST"]
[Date "2016.12.18"]
[Round "21.18"]
[White "Meskovs, Nikita"]
[Black "Bortnyk, Olexandr"]
[Result "0-1"]
[WhiteTitle "IM"]
[BlackTitle "GM"]
[WhiteElo "2489"]
[BlackElo "2581"]
[WhiteFideId "11602740"]
[BlackFideId "14120828"]
[EventDate "2016.12.17"]

1. d4 d6 2. Nf3 Nf6 3. c4 g6 4. Nc3 Bf5 5. h3 Bg7 6. g4 Bd7 7. Bg2 O-O 8. Bf4
Nc6 9. Qd2 Re8 10. Bg3 e5 11. dxe5 dxe5 12. Ng5 Bh6 13. Rd1 Nd4 14. h4 Bxg4 15.
Bxb7 Rb8 16. Bd5 Nxd5 17. Nxd5 Bxe2 18. Qc3 Bxd1 19. Kxd1 c6 20. Bxe5 Rxe5 21.
Qxd4 Rf5 22. Re1 cxd5 0-1

[Event "European Blitz 2016"]
[Site "Tallinn EST"]
[Date "2016.12.18"]
[Round "21.20"]
[White "Turov, Maxim"]
[Black "Martinovic, Sasa"]
[Result "1/2-1/2"]
[WhiteTitle "GM"]
[BlackTitle "GM"]
[WhiteElo "2594"]
[BlackElo "2550"]
[WhiteFideId "4120086"]
[BlackFideId "14509792"]
[EventDate "2016.12.17"]

1. d4 c5 2. d5 d6 3. c4 e5 4. Nc3 Be7 5. g3 f5 6. e4 Nf6 7. Nf3 Nxe4 8. Nxe4
fxe4 9. Nd2 e3 10. fxe3 O-O 11. Ne4 Nd7 12. Bd3 Nf6 13. O-O Bh3 14. Nxf6+ Rxf6
15. Rxf6 Bxf6 16. Qh5 Qd7 17. Bxh7+ Kf8 18. Bg6 Ke7 19. e4 Bg4 20. Qh7 Be2 21.
Bh6 Kd8 22. Bf5 Qf7 23. Qh8+ Qe8 24. Qxe8+ Kxe8 25. Be3 Bxc4 26. g4 Bh4 27. Kg2
Ke7 28. g5 Rh8 29. Bg4 Bd3 30. Bf3 b5 31. Rd1 c4 32. a3 a5 33. Ra1 Kf7 34. Bd2
Kg6 35. Rg1 1/2-1/2

[Event "European Blitz 2016"]
[Site "Tallinn EST"]
[Date "2016.12.18"]
[Round "21.22"]
[White "Motylev, Alexander"]
[Black "Potapov, Pavel"]
[Result "1-0"]
[WhiteTitle "GM"]
[BlackTitle "GM"]
[WhiteElo "2663"]
[BlackElo "2493"]
[WhiteFideId "4121830"]
[BlackFideId "4169786"]
[EventDate "2016.12.17"]

1. e4 d5 2. exd5 Qxd5 3. Nc3 Qd6 4. d4 Nf6 5. Nf3 g6 6. Nb5 Qb6 7. Be2 Bg7 8.
O-O O-O 9. c3 Rd8 10. a4 a5 11. Ne5 Na6 12. Bf3 Be6 13. Re1 c6 14. Na3 Qb3 15.
Qxb3 Bxb3 16. Nac4 Nc7 17. Ra3 Bc2 18. g4 h5 19. h3 hxg4 20. hxg4 Ncd5 21. Kg2
Bf8 22. Ra1 e6 23. Bg5 Re8 24. Re2 b5 25. Rxc2 bxc4 26. Nxc4 Reb8 27. Bh4 Bg7
28. Bg3 Rb7 29. Be2 Ne4 30. Nd6 Nxd6 31. Bxd6 Rd7 32. Bg3 g5 33. Bf3 Raa7 34.
Bxd5 cxd5 35. Rb1 Rdb7 36. b3 Rb6 37. f3 Rab7 38. Rcb2 Rc6 39. Be1 f5 40. Bd2
Kf7 41. b4 axb4 42. Rxb4 Ra7 43. Rb7+ Rc7 44. Rxc7+ Rxc7 45. a5 Ra7 46. Ra1 f4
47. a6 Ke7 48. Kf1 Kd7 49. Ke2 Kc6 50. Kd3 Kb5 51. Rb1+ Kc6 52. Re1 Kd7 53. Ra1
Kc6 54. c4 dxc4+ 55. Kxc4 Bf6 56. Bb4 Bd8 57. Bc5 Bb6 58. Re1 Bxc5 59. dxc5 Kd7
60. Kb5 Ra8 61. c6+ Kc7 62. Rxe6 Rb8+ 63. Kc5 Rb3 64. Re7+ Kd8 65. a7 1-0

[Event "European Blitz 2016"]
[Site "Tallinn EST"]
[Date "2016.12.18"]
[Round "21.23"]
[White "Sarana, Alexey"]
[Black "Piorun, Kacper"]
[Result "0-1"]
[WhiteTitle "IM"]
[BlackTitle "GM"]
[WhiteElo "2457"]
[BlackElo "2657"]
[WhiteFideId "24133795"]
[BlackFideId "1130420"]
[EventDate "2016.12.17"]

1. d4 Nf6 2. c4 g6 3. Nf3 Bg7 4. g3 O-O 5. Bg2 d6 6. O-O Nc6 7. Nc3 Bf5 8. d5
Na5 9. Nd2 c5 10. e4 Bd7 11. Rb1 Rb8 12. Qc2 a6 13. b3 b5 14. h3 Qc7 15. Bb2 e6
16. Ne2 exd5 17. cxd5 Rfe8 18. f4 Nb7 19. Rbe1 c4 20. bxc4 Nc5 21. cxb5 Bxb5 22.
Nb3 Bd3 23. Qc3 Bxe4 24. Bxe4 Rxe4 25. Nxc5 Qxc5+ 26. Qxc5 dxc5 27. Be5 Rd8 28.
d6 Ne8 29. Nc3 Rxe1 30. Rxe1 f6 31. d7 Rxd7 32. Bb8 Kf7 33. Na4 Bf8 34. f5 gxf5
35. Bf4 Rd4 36. Nc3 Bd6 37. Ne2 Re4 38. Kf2 Ra4 39. Rd1 Bxf4 40. Nxf4 Rxa2+ 41.
Kf3 Ra3+ 42. Kf2 Ke7 43. Nd5+ Kf8 44. Nf4 Ra2+ 45. Kf3 Ra3+ 46. Kf2 Ke7 47. Nd5+
Kf7 48. Nf4 Ra2+ 49. Kf3 c4 50. Rd7+ Kg8 51. Nd5 c3 52. Rd8 Kf7 53. Rc8 c2 54.
Nb4 Ra3+ 55. Kf2 Nd6 56. Rc7+ 0-1

[Event "European Blitz 2016"]
[Site "Tallinn EST"]
[Date "2016.12.18"]
[Round "21.24"]
[White "Kazakovskiy, Valeriy"]
[Black "Kulaots, Kaido"]
[Result "1-0"]
[WhiteTitle "IM"]
[BlackTitle "GM"]
[WhiteElo "2430"]
[BlackElo "2556"]
[WhiteFideId "13507443"]
[BlackFideId "4500261"]
[EventDate "2016.12.17"]

1. d4 Nf6 2. Nf3 g6 3. c4 Bg7 4. g3 O-O 5. Bg2 d6 6. O-O c6 7. Nc3 Qa5 8. e4 e5
9. dxe5 dxe5 10. h3 Nbd7 11. a3 Qc7 12. Qc2 Nc5 13. b4 Ne6 14. Be3 b6 15. Rfd1
Bb7 16. Rac1 Rad8 17. Qb3 Nh5 18. c5 bxc5 19. bxc5 Nd4 20. Bxd4 exd4 21. Ne2 d3
22. Rxd3 Ba6 23. Rxd8 Rxd8 24. Nc3 Nxg3 25. fxg3 Qxg3 26. Rd1 Rxd1+ 27. Nxd1 Be2
28. Nf2 Bh6 29. Qc3 Bg7 30. Qe3 Bb5 31. Qg5 Qc7 32. Qd2 Bf8 33. Qd4 Qe7 34. Nd3
Bxd3 35. Qxd3 Qxc5+ 36. Kf1 Qc1+ 37. Ne1 Bxa3 38. Qc2 Qa1 39. Ke2 c5 40. Nf3 Bb4
41. Qb3 a5 42. Ng5 Qe1+ 43. Kf3 Qc3+ 44. Qxc3 Bxc3 45. Bf1 Bf6 46. h4 h6 47. Nh3
Bxh4 48. Bc4 Bg5 49. Nxg5 hxg5 50. Kg4 Kf8 51. Kxg5 Ke7 52. e5 a4 53. Ba2 a3 54.
Bc4 Kf8 55. Kf6 g5 56. Kxg5 Kg7 57. Kf5 Kf8 58. Kf6 a2 59. Bxa2 Ke8 60. Bxf7+
Kf8 61. Bc4 Ke8 62. e6 1-0

[Event "European Blitz 2016"]
[Site "Tallinn EST"]
[Date "2016.12.18"]
[Round "21.25"]
[White "Luch, Michal"]
[Black "Kovalenko, Igor"]
[Result "0-1"]
[WhiteTitle "IM"]
[BlackTitle "GM"]
[WhiteElo "2433"]
[BlackElo "2684"]
[WhiteFideId "1120042"]
[BlackFideId "14117908"]
[EventDate "2016.12.17"]

1. d4 Nf6 2. c4 e6 3. Nc3 Bb4 4. Qc2 d6 5. a3 Bxc3+ 6. Qxc3 Nbd7 7. g3 a5 8. Bg2
a4 9. Nf3 Qe7 10. O-O O-O 11. Qc2 e5 12. e3 Re8 13. Bd2 e4 14. Ne1 b6 15. Bc3
Bb7 16. Bh3 d5 17. Ng2 Ba6 18. Nf4 Bxc4 19. Rfe1 Nf8 20. Bb4 Qd8 21. Rac1 Ng6
22. Nxg6 hxg6 23. Bf1 b5 24. Bxc4 bxc4 25. Bc3 Qd7 26. Qe2 g5 27. Kg2 g4 28. Rh1
g6 29. h3 gxh3+ 30. Rxh3 Kg7 31. Rch1 Rh8 32. f3 Rxh3 33. Rxh3 Rh8 34. Rxh8 Kxh8
35. f4 Kg7 36. Qd1 Ng4 37. Bd2 Nf6 38. Bc3 Qg4 39. Qxg4 Nxg4 40. Bd2 Kh6 41. Kf1
Kh5 42. Kg2 c6 43. Bc1 c3 44. bxc3 Nh6 45. Kh3 f5 46. Bd2 Nf7 47. Bc1 Nd6 48.
Bd2 Nc4 49. Bc1 g5 50. fxg5 Kxg5 51. Kh2 Na5 52. Kh3 Nb3 53. Bb2 Kh5 54. Kh2 Kg4
55. Kg2 Nd2 56. Kf2 Nc4 57. Bc1 Kh3 0-1

[Event "European Blitz 2016"]
[Site "Tallinn EST"]
[Date "2016.12.18"]
[Round "21.26"]
[White "Jankovic, Alojzije"]
[Black "Karttunen, Mika"]
[Result "1-0"]
[WhiteTitle "GM"]
[BlackTitle "IM"]
[WhiteElo "2591"]
[BlackElo "2455"]
[WhiteFideId "14505959"]
[BlackFideId "502081"]
[EventDate "2016.12.17"]

1. d4 Nf6 2. Nf3 c5 3. d5 g6 4. Nc3 Bg7 5. e4 O-O 6. e5 Ne8 7. h4 d6 8. h5 dxe5
9. hxg6 fxg6 10. Ng5 Nf6 11. Bc4 Kh8 12. Nce4 h6 13. d6 Nxe4 14. Nxe4 Rf4 15.
Bxf4 exf4 16. Ng5 Qf8 17. Nf7+ Kh7 18. Qd2 e5 19. O-O-O Bf5 20. g4 Bxg4 21. Rdg1
Bf5 22. Ng5+ Kh8 23. Ne6 Bxe6 24. Bxe6 Qf6 25. Qd3 g5 26. Qe4 Nc6 27. Bc4 Rd8
28. Rd1 Nd4 29. c3 Qxd6 30. cxd4 cxd4 31. Kb1 b5 32. Bd3 Kg8 33. Qh7+ Kf8 34.
Qf5+ Kg8 35. Rc1 a6 36. Be4 Rf8 37. Qh7+ Kf7 38. Qg6+ Qxg6 39. Rc7+ Ke6 40. Bxg6
Kf6 41. Be4 Rd8 42. f3 Bf8 43. Rc6+ Ke7 44. Rxa6 d3 45. Rd1 d2 46. Kc2 h5 47.
Rxd2 Rc8+ 48. Kd1 g4 49. fxg4 hxg4 50. Bf5 Rc7 51. Bxg4 Bg7 52. Rad6 e4 53. Rd7+
Rxd7 54. Rxd7+ Kf6 55. Rb7 Bh6 56. Rxb5 1-0

[Event "European Blitz 2016"]
[Site "Tallinn EST"]
[Date "2016.12.18"]
[Round "21.27"]
[White "Grandelius, Nils"]
[Black "Maier, Christian"]
[Result "1-0"]
[WhiteTitle "GM"]
[BlackTitle "IM"]
[WhiteElo "2643"]
[BlackElo "2390"]
[WhiteFideId "1710400"]
[BlackFideId "4601955"]
[EventDate "2016.12.17"]

1. d4 Nf6 2. Nc3 c5 3. d5 e5 4. e4 Bd6 5. Nf3 Qe7 6. Nd2 a6 7. Nc4 b5 8. Nb6 Bb7
9. Nxa8 Bxa8 10. f3 Bc7 11. a4 b4 12. Nb1 O-O 13. Nd2 d6 14. Be2 a5 15. Nc4 Bb7
16. O-O Nh5 17. g3 Bc8 18. f4 Nf6 19. fxe5 Nxe4 20. Bd3 f5 21. Bxe4 fxe4 22.
exd6 Rxf1+ 23. Qxf1 Bxd6 24. Nxd6 Qxd6 25. Bf4 Qb6 26. Qc4 Nd7 27. d6+ Kh8 28.
Re1 Nf6 29. Qb5 Qa7 30. Rxe4 h6 31. Re8+ 1-0

[Event "European Blitz 2016"]
[Site "Tallinn EST"]
[Date "2016.12.18"]
[Round "21.28"]
[White "D'Costa, Lorin A R"]
[Black "Neiksans, Arturs"]
[Result "0-1"]
[WhiteTitle "IM"]
[BlackTitle "GM"]
[WhiteElo "2391"]
[BlackElo "2631"]
[WhiteFideId "409219"]
[BlackFideId "11601388"]
[EventDate "2016.12.17"]

1. e4 c5 2. Nf3 e6 3. d3 Nc6 4. g3 Nf6 5. Bg2 g6 6. O-O Bg7 7. c3 O-O 8. Re1 d6
9. d4 e5 10. dxe5 dxe5 11. Qe2 h6 12. Nbd2 Be6 13. h3 Qc7 14. Nc4 b5 15. Ne3 a6
16. a4 c4 17. Nh2 Rad8 18. axb5 axb5 19. Nhg4 Nxg4 20. hxg4 Ne7 21. Bf3 Ra8 22.
Rxa8 Rxa8 23. Nc2 Rd8 24. Kg2 Qd7 25. Rh1 g5 26. Nb4 f6 27. Be3 Bf8 28. Ra1 Nc6
29. Nd5 Kg7 30. b3 cxb3 31. Qxb5 Rb8 32. Nb6 Qb7 33. c4 Nd4 34. Bxd4 exd4 35. c5
Qc7 36. Rc1 Bxc5 37. Rxc5 Qxb6 38. Qxb6 Rxb6 39. Rc7+ Kf8 40. Bd1 b2 41. Bc2 0-1